Sports Quiz

Random Sports or Auto Racing Quiz

Formula One Drivers (2008) Quiz Stats

 Plays Quiz Updated Mar 5, 2019

Score 0/20 Timer 06:00
24 Plays Today
Nationality Driver % Correct
BritishLewis Hamilton
95.3%
SpanishFernando Alonso
92.6%
BrazilianFelipe Massa
92.2%
BritishJenson Button
90.6%
AustralianMark Webber
85.6%
FinnishKimi Räikkönen
81.5%
GermanSebastian Vettel
79.5%
PolishRobert Kubica
76.9%
BritishDavid Coulthard
73.3%
BrazilianRubens Barrichello
71.5%
Nationality Driver % Correct
ItalianJarno Trulli
65.1%
GermanNico Rosberg
64.5%
GermanNick Heidfeld
61.3%
BrazilianNelsinho Piquet
60.2%
FinnishHeikki Kovalainen
59.4%
GermanTimo Glock
57.6%
GermanAdrian Sutil
56%
ItalianGiancarlo Fisichella
54.4%
FrenchSebastien Bourdais
45.5%
JapaneseKazuki Nakajima
44.9%

You're not logged in!

Compare scores with friends on all Sporcle quizzes.
OR
Log In

Sporcle TV

Today on Sporcle TV


Watch our educational content, quiz creation guides, and fun videos on Sporcle TV.

Show Comments

Extras

Top Quizzes Today


Score Distribution

Your Account Isn't Verified!

In order to create a playlist on Sporcle, you need to verify the email address you used during registration. Go to your Sporcle Settings to finish the process.

Report this User

Report this user for behavior that violates our Community Guidelines.

Details: